000
00326nam a22001457a 4500
008
230717b ||||| |||| 00| 0 eng d
020
_a
9781617312090
041
_a
eng
080
_a
575
082
_a
575O'NE
100
_a
13
101
_a
BIOKIM
245
_a
GENERAL ORGANIC BIOCHEMISTRY
_c
O'NEAL G. W
942
_2
udc
_c
BK
999
_c
60146
_d
60146